000 02264nam a22003617i 4500
003 EG-GICUC
005 20260121101458.0
008 251213s2016 ua ||||fr|||| 00| 0 ara d
017 _a2017/14176
020 _a978-977-761-235-7
040 _a EG-GICUC
_bara
_c EG-GICUC
_d EG-GICUC
_erda
041 0 _aara
082 0 4 _221
_a345.2
_bص ف . م
092 0 4 _221
099 _aLaw1 07 345.2 ص ف . م 1 ed - 2016
100 0 _aصفاء فتوح جمعة
_eمؤلف.
245 1 0 _aمبادئ الحوكمة :
_bفي قانون الخدمة المدنية رقم 81 لسنة 2016 مـ.
_nالكتاب الثاني،
_pدراسة مقترح مشروع المنظومة الإدارية الإلكترونية لتقييم كفاءة أداء الموظف العام وواجبات ومسئوليات الموظف العام في هذه المنظومة الإلكترونية /
_cدكتور صفاء فتوح جمعة.
250 _aالطبعة الأولى
264 1 _aالقاهرة :
_bالمركز القومي للإصدارات القانونية،
_c2018.
300 _a468 ؛صفحة
_c24 سم.
336 _2rda content
_atext
337 _2rda media
_aComputer
338 _2rda carrier
_aOnline Resource
504 _a. 463-410ببليوجرافيا: صفحات
504 _aيشتمل على إرجاعات ببليوجرافية.
505 _aكيفية تقييم كفاءة أداء الموظف العام من خلال المنظومة الإدارية الالكترونية وفقا المبادئ الحوكمة - تقييم كفاءة الموظف العام في المنظومة الإدارية الالكترونية وفقاً المعايير الكفاءة الموضوعة في قانون الخدمة المدنية - المسؤولية القانونية للموظف العام عن المخرجات الالكترونية في أطار المنظومة الإدارية الإلكترون - الملاحق.
546 _aالنص أغلبه باللغة العربية مع بعض النصوص الفرنسية
650 1 4 _aالتنظيم الإداري
650 1 4 _aالقانون الإداري
856 4 0 _uhttps://fll.law.cu.edu.eg/fulltext/bks/B07-01441.pdf
905 _a32
942 _2ddc
_cBK
_e21
_n0
999 _c50223
_d50223